Statistics for Bengaluru or Chennai

Click here to take the quiz!

General Stats

  • This quiz has been taken 7 times
  • The average score is 9 of 10

Answer Stats

QuestionAnswer% Correct
Is the capital of its respective state in IndiaBoth
100%
If you divide India between north and south by the exact halfway point, this city would be located in the southBoth
100%
Was a part of the British RajBoth
100%
Most of its people speak TamilChennai
100%
Its IPL Cricket Team has won at least one titleChennai
100%
Used to be called MadrasChennai
100%
Is located in the same state as the southernmost point of mainland IndiaChennai
100%
Is known as the IT Hub of IndiaBengaluru
86%
Is the home of the first ever KFC outlet in IndiaBengaluru
57%
Has a population of over 50 Lakh (5 Million)Both
57%

Score Distribution

Percentile by Number Answered

Percent of People with Each Score

Your Score History

You have not taken this quiz